Statystyki dla Quiz wiedzy ogólnej #7

Kliknij tutaj aby rozwiązać quiz!

Ogólne statystyki

  • Ten quiz został rozwiązany 5 101 razy
  • Średni wynik to 9 z 20

Statystyki odpowiedzi

PytanieOdpowiedź% Poprawnych
Jaka jest podstawowa żywność pand wielkich?Bambus
90%
Jaki element garderoby noszą Drakula i Superman?Peleryna
90%
Z jakim krajem Szwajcaria graniczy od zachodu?Francja
89%
Jak możemy nazwać liczby 2, 3, 7, 11 i 19?Liczbami {pierwszymi}
79%
Jak nazywa się trójgłowy pies, który strzeże Hadesu?Cerber
69%
Jaka aktorka grała rolę Hermiony Granger?Emma Watson
57%
Jaka kometa przelatuje w pobliżu Ziemi co 76 lat?Kometa {Halleya}
44%
Jaki przedrostek występuje pomiędzy mili i nano?Mikro
44%
Jakie państwo jest położone głównie w Azji Mniejszej?Turcja
43%
Jakie są trzy najpopularniejsze marki modowe używane
przez twórców muzyki hip-hopowej?
Gucci
42%
Jakie państwo nazywano niegdyś Cejlonem?Sri Lanka
41%
Kawior jest tradycyjnie przyrządzany z jaj jakiej ryby?Bieługi
38%
Czym spowodowane jest martwicze zapalenie powięzi?{Mięso}żerną bakterią
28%
Akcja jakiego filmu rozgrywa się na księżycu Pandora?Avatar
27%
Jakiej rośliny używa się przy robieniu tequili?Agawy
24%
Jaki ważny bohater biblijny był bratem Aarona i Miriam?Mojżesz
20%
Jakie są trzy najpopularniejsze marki modowe używane
przez twórców muzyki hip-hopowej?
Prada
20%
Jak nazywa się wybój na trasie narciarskiej?Mulda
19%
Jakie są trzy najpopularniejsze marki modowe używane
przez twórców muzyki hip-hopowej?
Versace
10%
Czego boi się chorofob?Tańczenia
6%

Rozkład punktacji

Percentyl według liczby udzielonych odpowiedzi

Procent ludzi z każdym wynikiem

Twoja historia wyników

Nie rozwiązałeś tego quizu